000 00845nas a2200289 4500
001 BR9601990
003 BR-BrBNA
005 20231205095730.0
007 ta
008 230509b bl.|||p| |||| 00| 00por d
040 _aBR-BrBNA
_bpor
_cBiblioteca Nacional de Agricultura
041 _a(Pt)
072 _aF02; F63
100 1 _aPeixoto, P.H.P.
100 1 _aPasqual, M.
245 1 _aInfluencia da autoclavagem e filtracao da sacarose na multiplicacao in vitro da videira
650 _aUva
650 _aReproducao Vegetal
650 _aPorta Enxerto
650 _aFiltracao
650 _aSacarose
650 _aCultura in Vitro
650 _aExplante
773 0 _tRevista Ceres (Brazil)
_xISSN 0034-737X
_g(Nov-Dec 1995), v. 42(244) p. 599-604
_wBR9601990
909 _a202311
_bLúcia
_c55
_dLúcia Elande
942 _2AGRIS
_n0
_cANA
999 _c152411
_d152411